[Event "Let's Play Chess!"]
[Site "http://www.queenalice.com/game.php?id=1421227"]
[Date "2016.5.4"]
[Round "-"]
[White "Rolupi34"]
[Black "igorjava"]
[Result "1-0"]
[WhiteElo "1968"]
[BlackElo "1912"]

1. e4 c5 2. Nc3 d6 3. Nf3 Bg4 4. g3 Nc6 5. h3 Bh5 6. Bg2 Nf6 7. O-O e6 8. d3 Be7
9. g4 Bg6 10. b3 h6 11. Bb2 e5 12. a4 O-O 13. Nb5 a6 14. Nc3 Nh7 15. Nd5 Nf6 16.
Nxf6+ Bxf6 17. Nd2 Qe7 18. Nc4 Qc7 19. f3 b5 20. axb5 axb5 21. Na3 Qb6 22. c4
Na7 23. cxb5 Nxb5 24. Nc4 Qc7 25. Qd2 Bg5 26. Qe1 Nd4 27. Bxd4 exd4 28. Qg3 Be7
29. f4 f6 30. e5 dxe5 31. Rxa8 Rxa8 32. Bxa8 Qa7 33. Bd5+ Kh8 34. fxe5 fxe5 35.
Nxe5 Be8 36. Bf7 Qa8 37. Ng6+ Kh7 38. Nxe7 Bb5 39. Qf4 Bxd3 40. Bg6+ Bxg6 41.
Nxg6 Kxg6 42. Qf5# 1-0

[Event "Challenge"]
[Site "http://www.queenalice.com/game.php?id=1421631"]
[Date "2016.5.6"]
[Round "-"]
[White "armandocosta"]
[Black "Rolupi34"]
[Result "0-1"]
[WhiteElo "1914"]
[BlackElo "1500"]

1. e4 e5 2. d4 Nf6 3. Nf3 exd4 4. c3 Nxe4 5. Qe2 Qe7 6. cxd4 Qe6 7. Ne5 d5 8.
Qc2 c5 9. Bb5+ Bd7 10. Bxd7+ Nxd7 11. O-O cxd4 12. Nxd7 Qxd7 13. Re1 Bb4 14. Bd2
Rc8 15. Qd1 Bc5 16. f3 d3+ 17. Be3 d4 18. Bf2 O-O 19. fxe4 Qb5 20. Nd2 Rfe8 21.
Rb1 b6 22. Nb3 Rcd8 23. Nxc5 bxc5 24. b3 a5 25. a4 Qa6 26. e5 Re6 27. Bh4 Rde8
28. Qg4 g6 29. Bf6 d2 30. Re2 Qd3 31. Rd1 Rxf6 32. Rexd2 Qe3+ 33. Kh1 Rxe5 34.
Re2 Qxe2 35. Qxe2 Rxe2 36. Rg1 Rfe6 37. h3 Re1 38. b4 cxb4 0-1

[Event "OS INCLIVES"]
[Site "http://www.queenalice.com/game.php?id=1423492"]
[Date "2016.5.17"]
[Round "-"]
[White "adelio"]
[Black "Rolupi34"]
[Result "0-1"]
[WhiteElo "1705"]
[BlackElo "1754"]

1. d4 Nc6 2. f4 g6 3. e3 Nf6 4. Be2 d5 5. h4 Bf5 6. Nd2 Nb4 7. e4 Nxe4 8. Nxe4
Bxe4 9. Nf3 Nxc2+ 10. Kf2 Nxa1 11. Bd3 e6 12. Ne5 Be7 13. Bxe4 dxe4 14. Be3
Bxh4+ 15. g3 Bf6 16. Nxf7 Kxf7 17. Qd2 Qd5 18. Rxa1 Rad8 19. Rd1 Rd7 20. Qc3
Rhd8 21. g4 c5 22. Qb3 Qxb3 23. axb3 cxd4 24. Bc1 e3+ 25. Bxe3 dxe3+ 26. Kxe3
Rxd1 27. g5 Bxb2 28. Kf3 R8d3+ 29. Ke4 Rd4+ 30. Kf3 Rf1+ 31. Kg3 Rdxf4 32. Kg2
Bd4 33. Kg3 e5 34. Kg2 Rg1+ 35. Kh3 Bf2 36. Kh2 Rh4# 0-1

[Event "OS INCLIVES"]
[Site "http://www.queenalice.com/game.php?id=1423493"]
[Date "2016.5.17"]
[Round "-"]
[White "Rolupi34"]
[Black "adelio"]
[Result "1-0"]
[WhiteElo "1842"]
[BlackElo "1703"]

1. e4 a6 2. e5 d5 3. d4 e6 4. Nf3 c5 5. b3 Nc6 6. c3 Be7 7. g3 h5 8. Bg2 g5 9.
dxc5 g4 10. Nd4 Nxd4 11. cxd4 Bd7 12. a4 b6 13. b4 a5 14. b5 bxc5 15. dxc5 Bxc5
16. O-O f6 17. exf6 Qxf6 18. Ra2 Rd8 19. Bb2 d4 20. Nd2 Rh7 21. Ne4 Qe7 22. Nxc5
Qxc5 23. Bxd4 Qe7 24. b6 Bc8 25. Re2 Bb7 26. Bxb7 Qxb7 27. Rxe6+ Re7 28. Rg6 Kf8
29. f3 Qd5 30. fxg4+ Rf7 31. b7 Rxf1+ 32. Qxf1+ Ke8 33. Qf4 Qxd4+ 34. Qxd4 Rxd4
35. b8=Q+ Rd8 36. Rxg8+ Ke7 37. Qxd8+ Ke6 38. Re8+ Kf7 39. Qe7+ Kg6 40. Rg8+ Kh6
41. Qg7# 1-0

[Event "Challenge"]
[Site "http://www.queenalice.com/game.php?id=1425979"]
[Date "2016.6.2"]
[Round "-"]
[White "Rolupi34"]
[Black "armandocosta"]
[Result "1-0"]
[WhiteElo "1500"]
[BlackElo "1863"]

1. e4 c5 2. d3 Nc6 3. Nf3 e5 4. g3 Nf6 5. Nc3 Be7 6. Bg2 O-O 7. O-O d5 8. exd5
Nxd5 9. Ne4 Bg4 10. h3 Nd4 11. hxg4 Nb4 12. Nxd4 cxd4 13. c3 Nd5 14. cxd4 exd4
15. Nd2 Bg5 16. f4 Ne3 17. Re1 Nxd1 18. Rxd1 Be7 19. Nb3 Rc8 20. Bxb7 Rc2 21.
Rd2 Rxd2 22. Bxd2 Qc7 23. Be4 Rc8 24. Bf5 Rb8 25. Rc1 Qd6 26. Ba5 g6 27. Bc7
Qxc7 28. Rxc7 gxf5 29. Rxe7 Kf8 30. Rxa7 fxg4 31. Rd7 Re8 32. Nxd4 Re3 33. Nf5
Re2 34. b4 Rxa2 35. Rd8# 1-0

[Event "Challenge"]
[Site "http://www.queenalice.com/game.php?id=1426752"]
[Date "2016.6.8"]
[Round "-"]
[White "pj"]
[Black "Rolupi34"]
[Result "0-1"]
[WhiteElo "1501"]
[BlackElo "2007"]

1. e4 Nf6 2. f3 e5 3. h4 Nc6 4. c3 d6 5. h5 d5 6. exd5 Nxd5 7. g4 b6 8. a4 a5 9.
c4 Ndb4 10. Nc3 Nd4 11. Rb1 Nbc2+ 12. Kf2 Be7 13. Nce2 Ba6 14. Nxd4 Qxd4+ 15.
Kg2 Ne3+ 16. dxe3 Qxd1 17. Ne2 Bxc4 18. Nc3 Bxf1+ 19. Rxf1 Qb3 20. f4 Qc4 21.
Nb5 O-O 22. b3 Qc2+ 23. Rf2 Qxb1 24. Bd2 Bh4 25. Re2 Qe4+ 26. Kh3 Bf6 27. Rf2
exf4 28. Rxf4 Qh1+ 29. Kg3 Bh4# 0-1

[Event "Challenge"]
[Site "http://www.queenalice.com/game.php?id=1426753"]
[Date "2016.6.8"]
[Round "-"]
[White "Rolupi34"]
[Black "pj"]
[Result "1-0"]
[WhiteElo "1951"]
[BlackElo "1501"]

1. Nf3 f6 2. Nc3 c6 3. d4 a5 4. e4 g5 5. e5 g4 6. Nh4 fxe5 7. dxe5 e6 8. Qxg4
Ne7 9. Qh5+ Ng6 10. Nxg6 Rg8 11. Nh8+ Rg6 12. Nxg6 Kf7 13. Bg5 Qb6 14. Nh8+ Kg8
15. Qf7+ Kxh8 16. Qxf8# 1-0

[Event "AUTO-OPEN-3669"]
[Site "http://www.queenalice.com/game.php?id=1428473"]
[Date "2016.6.21"]
[Round "1"]
[White "Artking"]
[Black "Rolupi34"]
[Result "0-1"]
[WhiteElo "2002"]
[BlackElo "1976"]

1. Nf3 d5 2. d4 Nc6 3. g3 Nf6 4. Bg2 g6 5. O-O Bg7 6. c3 O-O 7. Nbd2 b5 8. Ne5
Nxe5 9. dxe5 Ng4 10. Qb3 c6 11. Rd1 Qb6 12. e3 Be6 13. Qc2 Bxe5 14. h3 Nxe3 15.
fxe3 Qxe3+ 16. Kh1 Bf5 17. Nf3 Bxc2 18. Bxe3 Bxd1 19. Nxe5 Be2 20. Re1 f6 21.
Nxc6 Bc4 22. Nxe7+ Kg7 23. b3 Bd3 24. Nxd5 Rac8 25. Bd4 Kh6 26. Re7 g5 27. Ne3
Rce8 28. Ng4+ Kg6 29. Rxa7 Be4 30. Nxf6 Bxg2+ 31. Kxg2 Re2+ 32. Kf3 Rd2 33. a4
Rxd4 34. cxd4 Rxf6+ 35. Ke4 bxa4 36. bxa4 Re6+ 37. Kd5 Re3 38. Ra6+ Kg7 39. Ra8
Rxg3 40. a5 Rxh3 41. a6 Ra3 42. a7 g4 43. Kd6 g3 44. Rb8 Rxa7 45. Rb1 g2 46. Rg1
Ra2 47. d5 h5 48. Kc7 h4 49. d6 h3 50. d7 Rd2 51. Kc6 Kf6 52. Kc7 Kf5 0-1

[Event "AUTO-OPEN-3669"]
[Site "http://www.queenalice.com/game.php?id=1428474"]
[Date "2016.6.21"]
[Round "1"]
[White "Rolupi34"]
[Black "Artking"]
[Result "1/2-1/2"]
[WhiteElo "1894"]
[BlackElo "2013"]

1. e4 c5 2. d3 Nc6 3. Nf3 d6 4. g3 Nf6 5. d4 cxd4 6. Nxd4 g6 7. Bg2 Bg7 8. Nxc6
bxc6 9. e5 Qa5+ 10. Nc3 Qxe5+ 11. Qe2 Qa5 12. Bxc6+ Bd7 13. Bxa8 d5 14. Qe5 O-O
15. Bd2 Rxa8 16. O-O Qd8 17. Nxd5 e6 18. Nf4 Bc6 19. Rad1 Ne4 20. Qa5 Qf6 21.
Qc7 e5 22. Bc3 Ng5 23. Rd6 Nf3+ 24. Kg2 Nh4+ 25. Kg1 Nf3+ 26. Kg2 Ne1+ 27. Kg1
Nf3+ 28. Kg2 1/2-1/2

[Event "AUTO-OPEN-3669"]
[Site "http://www.queenalice.com/game.php?id=1428497"]
[Date "2016.6.21"]
[Round "1"]
[White "Prosperidade"]
[Black "Rolupi34"]
[Result "1-0"]
[WhiteElo "1971"]
[BlackElo "2024"]

1. d4 e6 2. c4 d5 3. cxd5 Qxd5 4. Nc3 Qd8 5. Nf3 Nc6 6. e4 Bb4 7. Be2 Nf6 8. Bg5
O-O 9. O-O Be7 10. Rc1 h6 11. Bxf6 Bxf6 12. e5 Bg5 13. Nxg5 Qxg5 14. Bf3 Rd8 15.
Bxc6 bxc6 16. Ne4 Qf4 17. Re1 Bb7 18. Rc3 c5 19. g3 Qf5 20. Nxc5 Bf3 21. Rxf3
1-0

[Event "AUTO-OPEN-3669"]
[Site "http://www.queenalice.com/game.php?id=1428498"]
[Date "2016.6.21"]
[Round "1"]
[White "Rolupi34"]
[Black "Prosperidade"]
[Result "0-1"]
[WhiteElo "1997"]
[BlackElo "2004"]

1. e4 e5 2. Nf3 d6 3. Bc4 a5 4. Nc3 c6 5. d3 b5 6. Bxf7+ Kxf7 7. O-O Be7 8. d4
Qc7 9. d5 Nf6 10. h3 Rf8 11. b3 cxd5 12. Nxd5 Nxd5 13. Qxd5+ Be6 14. Qxa8 Nc6
15. Qa6 Rb8 16. Bd2 Bc8 17. Qxc6 Qxc6 18. Rac1 h6 19. a4 b4 20. c4 Qxe4 0-1

[Event "AUTO-OPEN-3669"]
[Site "http://www.queenalice.com/game.php?id=1428513"]
[Date "2016.6.21"]
[Round "1"]
[White "Rolupi34"]
[Black "ALDROB"]
[Result "1-0"]
[WhiteElo "1914"]
[BlackElo "1940"]

1. e4 g6 2. d4 Bg7 3. Nf3 d6 4. Bc4 e6 5. d5 e5 6. Nc3 Ne7 7. O-O O-O 8. b3 f5
9. exf5 Bxf5 10. Ng5 e4 11. Bb2 Nd7 12. Qc1 Nc5 13. b4 h6 14. bxc5 hxg5 15. c6
b6 16. Qxg5 Rf7 17. Qe3 a6 18. a4 Kh7 19. Rab1 Bh6 20. Qe2 Qg8 21. Bxa6 Raf8 22.
Nxe4 Nxd5 23. Bc4 Nf4 24. Nf6+ Rxf6 25. Bxg8+ Kxg8 26. Qc4+ d5 27. Qb5 Rd6 28.
Rbe1 Bxc2 29. Ba3 Bd3 30. Qb3 Bxf1 31. Kxf1 Rdf6 32. Bxf8 Rxf8 33. g3 Nh3 34.
Qxd5+ Kh8 35. Qd4+ Bg7 36. Qh4+ 1-0

[Event "AUTO-OPEN-3669"]
[Site "http://www.queenalice.com/game.php?id=1428514"]
[Date "2016.6.21"]
[Round "1"]
[White "ALDROB"]
[Black "Rolupi34"]
[Result "1-0"]
[WhiteElo "1936"]
[BlackElo "1951"]

1. e4 e5 2. Nf3 Nc6 3. Bb5 Nf6 4. O-O Nxe4 5. Re1 d5 6. d3 Nd6 7. Bxc6+ bxc6 8.
Nc3 f6 9. Nxe5 fxe5 10. Rxe5+ Be7 11. Qh5+ g6 12. Qh6 Bf5 13. Bf4 Nf7 14. Qg7
Qd7 15. Rae1 O-O-O 16. Rxe7 Rde8 17. Qxf7 Kb7 18. Kf1 Rhf8 19. Rxd7 Rxf7 20.
Rxf7 Rxe1+ 21. Kxe1 d4 22. Ne4 Kb6 23. Bxc7+ Ka6 24. Nc5+ Kb5 25. a4+ Kb4 26.
Bd6 Ka5 27. Rxa7+ Kb6 28. Rb7+ Ka5 29. b4# 1-0

[Event "AUTO-ADV-3661"]
[Site "http://www.queenalice.com/game.php?id=1428546"]
[Date "2016.6.21"]
[Round "1"]
[White "TITAN10"]
[Black "Rolupi34"]
[Result "0-1"]
[WhiteElo "1891"]
[BlackElo "1914"]

1. d4 d5 2. c4 b6 3. Nc3 Nf6 4. cxd5 Nxd5 5. e4 Nb4 6. a3 N4c6 7. Bb5 a6 8.
Bxc6+ Nxc6 9. Be3 g6 10. Nge2 Bg7 11. d5 Ne5 12. O-O Nc4 13. Bc1 O-O 14. b3 Ne5
15. f4 Ng4 16. h3 Nf6 17. Bb2 Nxe4 18. Qd3 Nc5 19. Qe3 Nxb3 20. Rad1 Na5 21. Qd3
Bf5 22. Qe3 Nc4 23. Qc1 Qc8 24. Nd4 c5 25. Nxf5 Qxf5 26. Rf3 Rad8 27. g4 Qd7 28.
Ba1 Qb7 29. a4 e6 30. dxe6 Qxf3 0-1

[Event "AUTO-ADV-3661"]
[Site "http://www.queenalice.com/game.php?id=1428547"]
[Date "2016.6.21"]
[Round "1"]
[White "Rolupi34"]
[Black "TITAN10"]
[Result "0-1"]
[WhiteElo "2011"]
[BlackElo "1875"]

1. e4 c5 2. Nf3 d6 3. g3 Nf6 4. Nc3 Nc6 5. d3 Bg4 6. Bg2 Nd4 7. h3 Nxf3+ 8. Bxf3
Bxf3 9. Qxf3 e6 10. Bf4 Be7 11. O-O-O Qd7 12. d4 cxd4 13. Rxd4 e5 14. Bxe5 Qc6
15. Bxf6 Bxf6 16. Rd5 O-O-O 17. Nb5 Kb8 18. Rhd1 Qb6 19. b3 Rhf8 20. Qf4 Be5 21.
Qg4 a6 22. Na3 Qc7 23. f4 Bf6 24. Qf5 Rc8 25. Rxd6 Be7 26. Rd7 Bxa3+ 27. Kd2
Qxc2+ 28. Ke1 Rce8 29. R7d3 Qc6 30. e5 Qh1+ 31. Ke2 Qg2+ 32. Ke3 Bc5+ 33. Rd4
Qxg3+ 34. Ke2 Bxd4 35. Rxd4 Rc8 36. Qd7 Rc2+ 37. Rd2 Rxd2+ 38. Kxd2 Qxf4+ 39.
Kd3 Qxe5 0-1

[Event "AUTO-ADV-3661"]
[Site "http://www.queenalice.com/game.php?id=1428560"]
[Date "2016.6.21"]
[Round "1"]
[White "paco78"]
[Black "Rolupi34"]
[Result "0-1"]
[WhiteElo "1881"]
[BlackElo "2007"]

1. d4 d5 2. Nc3 e6 3. a3 Nf6 4. h3 g6 5. Bf4 Bg7 6. Nf3 Nc6 7. g4 O-O 8. Qd2 b6
9. Nb5 Ne4 10. Qd3 Nd6 11. Nxd6 cxd6 12. Qc3 Bb7 13. h4 e5 14. dxe5 dxe5 15.
Nxe5 d4 16. Qg3 Nxe5 17. Bxe5 Bxe5 18. Qxe5 Bxh1 19. f3 Bxf3 20. O-O-O Bxg4 21.
Rxd4 Qxh4 22. Bg2 Rad8 23. b3 Qe1+ 24. Kb2 Rxd4 25. Qxd4 Qxe2 26. Be4 Rc8 27.
Bd3 Qd1 28. Qf2 Re8 29. Kc3 Qe1+ 30. Qxe1 Rxe1 31. Kc4 h5 32. Kb5 Be2 33. Bxe2
Rxe2 34. c4 h4 35. Ka6 h3 36. Kxa7 h2 37. Kxb6 h1=Q 38. c5 Re6+ 39. Kb5 Qb7+ 40.
Kc4 Re4+ 41. Kc3 Qd5 42. b4 Qc4+ 43. Kb2 Re2+ 44. Ka1 Qc1# 0-1

[Event "AUTO-ADV-3661"]
[Site "http://www.queenalice.com/game.php?id=1428561"]
[Date "2016.6.21"]
[Round "1"]
[White "Rolupi34"]
[Black "paco78"]
[Result "1-0"]
[WhiteElo "1949"]
[BlackElo "1902"]

1. e4 e5 2. Nf3 Qf6 3. d3 h6 4. Nc3 Bb4 5. a3 Bxc3+ 6. bxc3 Nc6 7. Bb2 d6 8. d4
Bg4 9. Be2 exd4 10. cxd4 Rh7 11. O-O O-O-O 12. h3 Bh5 13. Rb1 Qe7 14. d5 Ne5 15.
Nd4 Bg6 16. f3 a6 17. f4 Bxe4 18. fxe5 Qg5 19. Bg4+ Kb8 20. Bf3 Bg6 21. Bc3 Qxe5
22. Nc6+ 1-0

[Event "AUTO-ADV-3661"]
[Site "http://www.queenalice.com/game.php?id=1428568"]
[Date "2016.6.21"]
[Round "1"]
[White "abdoechecs"]
[Black "Rolupi34"]
[Result "0-1"]
[WhiteElo "1459"]
[BlackElo "1975"]

1. d4 d5 2. Nf3 Nc6 3. c4 Bf5 4. a3 dxc4 5. Nc3 e6 6. e4 Bg6 7. Bxc4 Nf6 8. Bg5
Be7 9. e5 Ne4 10. Bxe7 Nxe7 11. Qe2 Nxc3 12. bxc3 a6 13. Rd1 b5 14. Ba2 c6 15.
O-O Qa5 16. Qd2 Qxa3 17. Rfe1 Nd5 18. Bxd5 cxd5 0-1

[Event "AUTO-ADV-3661"]
[Site "http://www.queenalice.com/game.php?id=1428569"]
[Date "2016.6.21"]
[Round "1"]
[White "Rolupi34"]
[Black "abdoechecs"]
[Result "1-0"]
[WhiteElo "1975"]
[BlackElo "1439"]

1. e4 c5 2. Nf3 Nc6 3. Nc3 e5 4. Nd5 Nge7 5. Bc4 d6 6. d3 h6 7. b3 Nxd5 8. Bxd5
Nd4 9. Nxd4 cxd4 10. Bb2 Qg5 11. Bc1 Qxg2 12. Rf1 Be7 13. Qe2 Bh3 14. Ba3 Qxh2
15. Bxf7+ Kxf7 16. Qh5+ g6 17. Qf3+ Ke6 18. Rh1 Raf8 19. Qxh3+ Qxh3 20. Rxh3 1-0

[Event "Challenge"]
[Site "http://www.queenalice.com/game.php?id=1432840"]
[Date "2016.7.23"]
[Round "-"]
[White "pj"]
[Black "Rolupi34"]
[Result "1-0"]
[WhiteElo "1540"]
[BlackElo "1975"]

1. e4 e5 2. c4 Nf6 3. f3 d6 4. b4 c6 5. a4 d5 6. exd5 cxd5 7. c5 b6 8. d4 Nc6 9.
dxe5 Nxe5 10. cxb6 Bxb4+ 11. Bd2 Qxb6 12. Ra2 Bxd2+ 13. Rxd2 Qe6 14. Nc3 Nxf3+
15. Kf2 Nxd2 16. Qxd2 Ng4+ 17. Kg3 Qe5+ 18. Qf4 Qe1+ 19. Kh3 Nf2+ 20. Kh4 Nd3+
21. Qg3 Qxg3+ 22. hxg3 Nf2 23. Rh2 d4 24. Nd5 O-O 25. Ne7+ Kh8 26. Nf3 Re8 27.
Nc6 1-0

[Event "Challenge"]
[Site "http://www.queenalice.com/game.php?id=1432841"]
[Date "2016.7.23"]
[Round "-"]
[White "Rolupi34"]
[Black "pj"]
[Result "0-1"]
[WhiteElo "1975"]
[BlackElo "1510"]

1. e4 e5 2. Nf3 f6 3. g3 d6 4. d3 b5 5. d4 exd4 6. Qxd4 a5 7. Bxb5+ Bd7 8. Qd5
c6 9. Bxc6 Bxc6 10. Qd3 h5 11. Nc3 Ra7 12. Bf4 Re7 13. O-O Re6 14. Rfe1 g5 15.
Nd4 Bd7 16. Nxe6 Bxe6 17. Be3 Rh7 18. Nb5 Rg7 19. Nd4 Bd7 20. a3 Bh3 21. b4 h4
22. Qb5+ Nd7 23. f3 axb4 24. axb4 Kf7 0-1